Cell physiology

שמור ב:
מידע ביבליוגרפי
מחבר ראשי: Giese, Arthur C
פורמט: ספר
שפה:אנגלית
יצא לאור: Filadelfia, USA W. B. Saunders 1979
מהדורה:Quinta edición
נושאים:
תגים: הוספת תג
אין תגיות, היה/י הראשונ/ה לתייג את הרשומה!

MARC

LEADER 00000nam a2200000 a 4500
001 UCT4931
003 CL-VaPUC
005 20241121094921.0
008 961127e19790000US |||||||||||||||||eng|d
999 |c 254012  |d 254010 
040 |c Pontificia Universidad Católica de Valparaíso 
082 0 4 |a 571.6 GIE 1979  |2 21 
100 |a Giese, Arthur C  |9 556656 
245 1 0 |a Cell physiology 
250 |a Quinta edición 
260 0 3 |a Filadelfia, USA  |b W. B. Saunders  |c 1979 
300 |a 609 páginas 
583 |a last modification  |c 19961127 00:00:00  |k Rodrigo Vera 
650 0 |a Células   |9 269548 
650 0 |a Fisiología celular   |9 261425 
650 0 |a División celular  |9 343784 
650 0 |a Citología  |9 261432 
650 7 |a FAGOCITOSIS  |2 CL-VaPUC  |9 370270 
650 7 |a ELECTROLISIS  |2 CL-VaPUC  |9 360639 
650 0 |a Moléculas   |9 259584 
650 7 |a NUCLEO CELULAR  |2 CL-VaPUC  |9 370183 
942 |c BK  |2 ddc 
945 |d 19961127 00:00:00  |a cmena